01423nam a2200361Ia 4500001001200000003000800012006001900020007001500039008004100054010001700095015001900112020001500131020002100146020001500167040002100182035002100203050002900224245016500253260010900418300002300527504005100550533015200601650001700753650002500770650001200795650002000807655002900827700002400856700002100880710001700901856012600918999001701044ebr10135400CaPaEBRm u cr cn|||||||||040609s2005 nyua sb 001 0 eng d z 2004054404 aGBA4742272bnb z140397960X z1403965870 (cl.) z186914063X aCaPaEBRcCaPaEBR a(OCoLC)56046036814aHQ1090.7.A35bA37 2005eb00aAfrican masculinitiesh[electronic resource] :bmen in Africa from the late nineteenth century to the present /cedited by Lahoucine Ouzgane and Robert Morrell. aNew York :bPalgrave Macmillan ;aScottsville, South Africa :bUniversity of KwaZulu-Natal Press,c2005. axv, 308 p. :bill. aIncludes bibliographical references and index. aElectronic reproduction.bPalo Alto, Calif. :cebrary,d2009.nAvailable via World Wide Web.nAccess may be limited to ebrary affiliated libraries. 0aMenzAfrica. 0aMasculinityzAfrica. 0aBlacks. 0aRace relations. 7aElectronic books.2local1 aOuzgane, Lahoucine.1 aMorrell, Robert.2 aebrary, Inc.40uhttp://site.ebrary.com/lib/rucke/Doc?id=10135400zAn electronic book accessible through the World Wide Web; click to view c85053d85053